Rôles de Wolvesville par Images - 3 - Statistiques

Statistiques générales
  • Ce quiz a été pris 15 fois
  • Le résultat moyen est 14 sur 16
Statistiques - réponses
Par images Réponse % Correct
Jeune Loup
100%
Voyante
100%
Bombardier
92%
Chasseur de Bêtes
92%
Courtisane
92%
Enfant Fleur
92%
Fan des Loups
92%
Loup-Ragan
92%
Loup-Voyant
92%
Villageois
92%
Illusionniste
83%
Loup des Marais
83%
Zombie
83%
Instigateur
75%
Lapin de Pâques
67%
Prestidigitateur
58%
Aucun quiz correspondant
Distribution des résultats
% des personnes avec chaque résultat
Percentile par nombre de réponses
Votre historique - résultats
Vous n’avez pas pris ce quiz